| 000 | 01163nam a2200229Ia 4500 | ||
|---|---|---|---|
| 003 | Ost | ||
| 005 | 20260507075331.0 | ||
| 008 | 260507s9999||||xx |||||||||||||| ||und|| | ||
| 020 | _a22323899579 | ||
| 040 | _cfsecg | ||
| 041 | _aara | ||
| 082 | _a330 | ||
| 100 |
_aعليان، ربحي مصطفى _eمؤلف |
||
| 245 | 0 |
_aأساسيات إدارة الوقت للوظيفة والحياة العامة / _c ربحي مصطفى عليان |
|
| 260 |
_aعمان: _bدار جرير, _c2011 |
||
| 300 |
_a379 صفحة؛ _bإيضاحات ؛ _c25 سم |
||
| 520 | _aمفاهيم أساسية في الوقت و ادارته ، عملية التخطيط للوقت ، متطلبات ادارة الوقت ،عملية تنظيم الوقت و تسجيله ، مضيعات الوقت ، استغلال الوقت و ادارة مضيعاته ، التكنولوجيا و ادارة الوقت ، دراسات أردنية و عربية في ادارة الوقت ، و اخيرا توصيات عامة لادارة الوقت | ||
| 653 | _aإدارة -الوقت | ||
| 653 | _aالادارة | ||
| 653 | _aالوظيفة العمومية | ||
| 942 | _cكتاب | ||
| 999 |
_c44006 _d44006 |
||